[Event "IBCA Wch Blind and Visually imp U22"]
[Site "Solec Zdroj"]
[Date "2018.08.23"]
[Round "9.6"]
[White "Staskeviciute, Darija"]
[Black "Taranenko, Polina"]
[Result "0-1"]
[WhiteElo "1479"]
[BlackElo "1405"]
[PlyCount "60"]
[EventDate "2018.08.14"]
[EventType "swiss"]
[EventRounds "9"]
[EventCountry "POL"]
[SourceTitle "EXT 2024"]
[Source "ChessBase"]
[SourceDate "2023.10.10"]
[SourceVersion "1"]
[SourceVersionDate "2023.10.10"]
[SourceQuality "1"]

1. d4 d5 2. Nf3 Nf6 3. c4 c6 4. Nc3 a6 5. e3 b5 6. cxb5 axb5 7. Bd3 Bg4 8. h3 Bh5 9. Be2 Nbd7 10. b4 Bxf3 11. Bxf3 e5 12. a3 e4 13. Be2 Bxb4 14. Qb3 Bd6 15. 0-0 0-0 16. Bb2 Nb6 17. f3 exf3 18. Bxf3 Qe7 19. Rfe1 Ne4 20. Qc2 f5 21. Nxe4 fxe4 22. Bg4 Nc4 23. Qc1 Qh4 24. Rf1 Qg3 25. Be6+ Kh8 26. Rf7 Rxf7 27. Bxf7 Rf8 28. Qe1 Qh2+ 29. Kf1 Rxf7+ 30. Ke2 Qxg2+ 0-1

[Event "IBCA Wch Blind and Visually imp U22"]
[Site "Solec Zdroj"]
[Date "2018.08.20"]
[Round "6.9"]
[White "Tryjanska, Emilia"]
[Black "Taranenko, Polina"]
[Result "1-0"]
[WhiteElo "1045"]
[BlackElo "1405"]
[PlyCount "55"]
[EventDate "2018.08.14"]
[EventType "swiss"]
[EventRounds "9"]
[EventCountry "POL"]
[SourceTitle "EXT 2024"]
[Source "ChessBase"]
[SourceDate "2023.10.10"]
[SourceVersion "1"]
[SourceVersionDate "2023.10.10"]
[SourceQuality "1"]

1. e4 c5 2. Nc3 Nc6 3. f4 e6 4. Nf3 Nge7 5. Bc4 d5 6. Bb3 a6 7. d3 b5 8. a3 g6 9. 0-0 Bg7 10. Qe1 0-0 11. Qh4 Nd4 12. f5 c4 13. f6 Nec6 14. Bg5 Qb6 15. Kh1 Bh8 16. Bh6 Re8 17. Ng5 Qc7 18. Bg7 h5 19. Bxh8 Kxh8 20. g4 Ne7 21. fxe7 Rxe7 22. gxh5 f5 23. hxg6+ Kg8 24. Nf7 Rxf7 25. gxf7+ Qxf7 26. Rg1+ Qg7 27. Qf6 Qxg1+ 28. Rxg1+ 1-0